[Event "?"]
[Site "ICC 2 12 10/14/97, Internet C"]
[Date "1997.??.??"]
[Round "?"]
[White "Brause"]
[Black "walter1700"]
[Result "1-0"]
[WhiteElo "2455"]
[BlackElo "2345"]
[PlyCount "259"]

1. e4 e5 2. Nf3 Nc6 3. Nc3 Nf6 4. Nxe5 Nxe5 5. d4 Nc6 6. d5 Ne5 7. f4 Ng6 8. e5
Ng8 9. d6 cxd6 10. exd6 Qh4+ 11. g3 Qf6 12. Nb5 Kd8 13. Be3 b6 14. Nxa7 Qxb2
15. Rb1 Qxa2 16. Bxb6+ Ke8 17. Nb5 Rb8 18. Bc7 Qe6+ 19. Kd2 Rxb5 20. Bxb5 Bxd6
21. Re1 Bxc7 22. Rxe6+ fxe6 23. Qe2 Kd8 24. h4 Nf6 25. Rb3 d5 26. Qe3 e5 27.
fxe5 Ne4+ 28. Kd1 Nxe5 29. Qd4 Nf6 30. Qa7 Ng6 31. Re3 Rf8 32. Qa8 Ne7 33. Rf3
h5 34. Be2 Bd6 35. c4 d4 36. Qa5+ Ke8 37. c5 Be5 38. Qa8 g6 39. Bc4 Kd7 40. c6+
Kd8 41. Be6 Kc7 42. Bd7 Kd8 43. Bxc8 Nxc8 44. Qa5+ Bc7 45. Qc5 Ne7 46. Qxd4+
Ned5 47. Qd3 Ke7 48. Qxg6 Rg8 49. Qd3 Rg4 50. Kc1 Bd6 51. Qc2 Rxg3 52. Rxg3
Bxg3 53. Qc4 Kd8 54. Kb2 Kc7 55. Kb3 Bf2 56. Ka3 Be1 57. Qb5 Bf2 58. Kb2 Kd6
59. Qc4 Bb6 60. Kb3 Ng4 61. Qb5 Bc7 62. Qe2 Bb6 63. Qc2 Ngf6 64. Qc1 Ng4 65.
Ka4 Bf2 66. Kb5 Nc7+ 67. Kc4 Kxc6 68. Qg5 Kd6 69. Qxh5 Ne5+ 70. Kb3 Ne6 71. Qh8
Nd7 72. h5 Bd4 73. Qa8 Be3 74. Kc3 Nf4 75. Qa3+ Bc5 76. Qa6+ Ke7 77. h6 Nd5+
78. Kb3 N5f6 79. Qc4 Bd6 80. h7 Nc5+ 81. Qxc5 Bxc5 82. h8=Q Bd4 83. Kc4 Be5 84.
Qc8 Kd6 85. Qf5 Nd7 86. Qd3+ Ke6 87. Qd5+ Ke7 88. Qb7 Ke6 89. Qc6+ Bd6 90. Qd5+
Ke7 91. Qf5 Nf6 92. Kb5 Kf7 93. Kc6 Bf8 94. Qe5 Kg6 95. Qb5 Kg7 96. Qc4 Kg6 97.
Kb5 Bh6 98. Qd3+ Kf7 99. Qg3 Bf8 100. Qb3+ Kg6 101. Qd3+ Kf7 102. Qe3 Kg6 103.
Qe5 Bh6 104. Kc4 Bc1 105. Kd3 Ba3 106. Qc7 Bf8 107. Kd4 Bg7 108. Qg3+ Kf7 109.
Qb3+ Kg6 110. Qd3+ Kf7 111. Ke5 Ng8+ 112. Kd6 Bf8+ 113. Kd5 Ne7+ 114. Ke5 Ng6+
115. Ke4 Be7 116. Qc4+ Kf6 117. Qf1+ Kg5 118. Qf5+ Kh6 119. Qg4 Bh4 120. Kf5
Ne7+ 121. Ke6 Ng6 122. Qe4 Bg5 123. Qh1+ Bh4 124. Kf5 Ne7+ 125. Kg4 Ng6 126.
Qc1+ Kg7 127. Kh5 Bf6 128. Qh6+ Kf7 129. Qxg6+ Ke6 130. Kg4 1-0

[Event "?"]
[Site "ICC 2 12 11/04/97, Internet C"]
[Date "1997.??.??"]
[Round "?"]
[White "Brause"]
[Black "DrGG"]
[Result "1-0"]
[WhiteElo "2515"]
[BlackElo "1905"]
[PlyCount "47"]

1. e4 e5 2. Nf3 Nc6 3. Nc3 Nf6 4. Nxe5 Nxe5 5. d4 Nc6 6. d5 Nb8 7. e5 Ng8 8. d6
cxd6 9. exd6 Nf6 10. Nb5 Qb6 11. Nc7+ Kd8 12. Nxa8 Qxd6 13. Qxd6 Bxd6 14. Be3
b6 15. O-O-O Be7 16. Bf4 d6 17. Bxd6 Bxd6 18. Rxd6+ Ke7 19. Rd2 Ne8 20. Bb5 Na6
21. Re1+ Kf6 22. Rxe8 Rxe8 23. Bxe8 Bb7 24. Rd7 1-0

[Event "?"]
[Site "ICC 2 12 11/04/97, Internet C"]
[Date "1997.??.??"]
[Round "?"]
[White "Brause"]
[Black "DrGG"]
[Result "1-0"]
[WhiteElo "2520"]
[BlackElo "1905"]
[PlyCount "27"]

1. e4 e5 2. Nf3 Nc6 3. Nc3 Nf6 4. Nxe5 Nxe5 5. d4 Neg4 6. e5 Qe7 7. Be2 Nxe5 8.
dxe5 Qxe5 9. O-O d5 10. Re1 Qd6 11. Bf4 Qxf4 12. Nxd5 Qd6 13. Nxc7+ Qxc7 14.
Bb5# 1-0

[Event "?"]
[Site "ICC 2 12 10/06/97, Internet C"]
[Date "1997.??.??"]
[Round "?"]
[White "Brause"]
[Black "AMPERIAL"]
[Result "1-0"]
[WhiteElo "2505"]
[BlackElo "1940"]
[PlyCount "25"]

1. e4 e5 2. Nf3 Nc6 3. Nc3 Nf6 4. Nxe5 Nxe5 5. d4 Neg4 6. e5 Nxf2 7. Kxf2 Ng8
8. Bc4 Qh4+ 9. g3 Qe7 10. Nd5 Qd8 11. Qf3 f6 12. exf6 Nxf6 13. Re1+ 1-0

[Event "?"]
[Site "ICC 2 12 10/06/97, Internet C"]
[Date "1997.??.??"]
[Round "?"]
[White "Brause"]
[Black "DrTarrasch"]
[Result "0-1"]
[WhiteElo "2540"]
[BlackElo "2050"]
[PlyCount "114"]

1. e4 e5 2. Nf3 Nc6 3. Nc3 Nf6 4. Nxe5 Nxe5 5. d4 Ng6 6. e5 Ng8 7. Bc4 Bb4 8.
Qf3 Qe7 9. O-O Bxc3 10. bxc3 Nh6 11. g3 O-O 12. Qh5 d5 13. Bxd5 Bg4 14. Qg5 c6
15. Qxe7 Nxe7 16. Bg2 Be2 17. Re1 Ba6 18. Rb1 Nd5 19. Bxh6 gxh6 20. c4 Bxc4 21.
Rxb7 Rfb8 22. Rd7 Rd8 23. Bxd5 Bxd5 24. Rxd8+ Rxd8 25. a3 Rb8 26. f4 Rb2 27.
Re2 Ra2 28. f5 Kg7 29. f6+ Kg6 30. Kf2 Rxa3 31. Kg1 a5 32. Kf2 a4 33. Re1 Rc3
34. Rc1 a3 35. Ke2 a2 36. Kd2 Rf3 37. Ke2 Ra3 38. Ra1 Kf5 39. Kd2 Rf3 40. h4
Rxg3 41. h5 Ke4 42. e6 Bxe6 43. d5 Bxd5 44. c4 Bxc4 45. Kc2 Kd4 46. Kb2 Rg2+
47. Ka3 Rh2 48. Rd1+ Bd3 49. Kb3 c5 50. Ra1 c4+ 51. Ka3 Bb1 52. Kb4 Rb2+ 53.
Ka4 c3 54. Ka3 Kc4 55. Ka4 Rb5 56. Rxa2 Bxa2 57. Ka3 Ra5# 0-1

[Event "?"]
[Site "ICC 2 12 10/06/97, Internet C"]
[Date "1997.??.??"]
[Round "?"]
[White "Brause"]
[Black "DrTarrasch"]
[Result "0-1"]
[WhiteElo "2510"]
[BlackElo "2080"]
[PlyCount "99"]

1. e4 e5 2. Nf3 Nc6 3. Nc3 Nf6 4. Nxe5 Nxe5 5. d4 Ng6 6. e5 Ng8 7. Bc4 Bb4 8.
Qf3 Qe7 9. O-O Bxc3 10. bxc3 Nh6 11. g3 O-O 12. Re1 d6 13. Bxh6 gxh6 14. exd6
Qxd6 15. Rab1 c6 16. Re8 Be6 17. Rxa8 Rxa8 18. Bxe6 Qxe6 19. Rxb7 h5 20. Rc7
Re8 21. Qe3 Qxe3 22. fxe3 Rxe3 23. Rxc6 Re2 24. h4 Rxc2 25. a3 Kg7 26. Rc7 Kf6
27. Kf1 Ne7 28. Ke1 Nd5 29. Rxa7 Rxc3 30. Ra5 Ke6 31. Kf2 Rd3 32. Ra6+ Kf5 33.
Ra7 Kg6 34. a4 Rxd4 35. a5 Ra4 36. Ra6+ f6 37. Ra8 h6 38. Rg8+ Kf5 39. Ra8 Nc3
40. Kf3 Ne4 41. Rg8 Ra3+ 42. Kg2 Rxa5 43. Rg7 Ra2+ 44. Kf3 Ra3+ 45. Kg2 Rxg3+
46. Rxg3 Nxg3 47. Kxg3 Ke4 48. Kf2 Kf4 49. Kg2 Ke3 50. Kg3 0-1

[Event "?"]
[Site "ICC 2 12 10/06/97, Internet C"]
[Date "1997.??.??"]
[Round "?"]
[White "Brause"]
[Black "DrTarrasch"]
[Result "1-0"]
[WhiteElo "2480"]
[BlackElo "2110"]
[PlyCount "101"]

1. e4 e5 2. Nf3 Nc6 3. Nc3 Nf6 4. Nxe5 Nxe5 5. d4 Ng6 6. e5 Ng8 7. Bc4 Bb4 8.
Qf3 Qe7 9. O-O Bxc3 10. bxc3 Nh6 11. g3 O-O 12. Qh5 d5 13. exd6 cxd6 14. Bxh6
gxh6 15. Bd5 Kg7 16. Rfe1 Qf6 17. Rab1 Rb8 18. Bg2 b6 19. Rb5 Be6 20. a4 Rbc8
21. Re3 Rc4 22. a5 Ra4 23. Qd1 bxa5 24. Rb7 h5 25. Bc6 Rc4 26. Bh1 h4 27. Rxa7
h3 28. Rxa5 Ne7 29. Qh5 Rb8 30. Ra1 Nf5 31. Rd3 d5 32. g4 Nh4 33. Rxh3 Ng6 34.
Qxh7+ Kf8 35. Qh6+ Ke8 36. Re1 Kd7 37. Rg3 Rcc8 38. Qd2 Rh8 39. c4 Nf4 40. g5
Qf5 41. cxd5 Bxd5 42. Bxd5 Nxd5 43. Qa5 Rb7 44. c4 Ne3 45. Qa4+ Kc7 46. Rgxe3
Qxg5+ 47. Kh1 Rc8 48. Re7+ Kb8 49. Rxb7+ Kxb7 50. Qd7+ Rc7 51. Rb1+ 1-0

[Event "?"]
[Site "ICC 2 12 10/06/97, Internet C"]
[Date "1997.??.??"]
[Round "?"]
[White "Brause"]
[Black "ManoTheGreat"]
[Result "1-0"]
[WhiteElo "2485"]
[BlackElo "2020"]
[PlyCount "51"]

1. e4 e5 2. Nf3 Nf6 3. Nc3 Nc6 4. Nxe5 Nxe5 5. d4 Nc6 6. d5 Nb8 7. e5 Ng8 8. d6
Nc6 9. Nb5 cxd6 10. exd6 Qf6 11. Nc7+ Kd8 12. Nxa8 Bxd6 13. c3 Qe7+ 14. Be3 Nf6
15. Bb5 Bc5 16. O-O Bxe3 17. fxe3 Qxe3+ 18. Kh1 Ne4 19. Bxc6 bxc6 20. Qc2 f5
21. Rxf5 d5 22. Rf3 Qc5 23. Rf7 Be6 24. b4 Qe3 25. Rf3 Qg5 26. Qa4 1-0

[Event "?"]
[Site "ICC 2 12 10/15/97, Internet C"]
[Date "1997.??.??"]
[Round "?"]
[White "Brause"]
[Black "mishah"]
[Result "1-0"]
[WhiteElo "2460"]
[BlackElo "1935"]
[PlyCount "53"]

1. e4 e5 2. Nf3 Nc6 3. Nc3 Nf6 4. Nxe5 Nxe5 5. d4 Nc6 6. d5 Nb8 7. e5 Ng8 8. d6
cxd6 9. exd6 Bxd6 10. Qxd6 Qe7+ 11. Qxe7+ Nxe7 12. Nb5 Kd8 13. Nd6 Rf8 14. Bd2
b6 15. Bd3 h6 16. Bc3 f6 17. Be4 Nbc6 18. O-O Kc7 19. Rad1 Ba6 20. Rfe1 Rad8
21. Bf3 Nc8 22. Nf5 g6 23. Nxh6 Bc4 24. b3 Be6 25. Re2 Nd6 26. Bxc6 Kxc6 27.
Bb4 1-0

[Event "?"]
[Site "ICC 2 12 10/15/97, Internet C"]
[Date "1997.??.??"]
[Round "?"]
[White "Brause"]
[Black "MrCool"]
[Result "1-0"]
[WhiteElo "2465"]
[BlackElo "2185"]
[PlyCount "29"]

1. e4 e5 2. Nf3 Nc6 3. Nc3 Nf6 4. Nxe5 Nxe5 5. d4 Ng6 6. e5 Ng8 7. Bc4 Bb4 8.
Qf3 Qe7 9. O-O Bxc3 10. bxc3 f6 11. exf6 Qxf6 12. Re1+ N8e7 13. Qxf6 gxf6 14.
Bh6 d5 15. Bxd5 1-0

[Event "?"]
[Site "ICC 2 12 10/15/97, Internet C"]
[Date "1997.??.??"]
[Round "?"]
[White "Brause"]
[Black "MrCool"]
[Result "1-0"]
[WhiteElo "2470"]
[BlackElo "2180"]
[PlyCount "28"]

1. e4 e5 2. Nf3 Nc6 3. Nc3 Nf6 4. Nxe5 Nxe5 5. d4 Ng6 6. e5 Ng8 7. Bc4 Bb4 8.
Qf3 Qe7 9. O-O Bxc3 10. bxc3 h6 11. Ba3 d6 12. exd6 cxd6 13. Rfe1 Be6 14. d5
Ne5 1-0

[Event "?"]
[Site "ICC 2 10 09/01/97, Internet C"]
[Date "1997.??.??"]
[Round "?"]
[White "Brause"]
[Black "PartyTrain"]
[Result "1-0"]
[WhiteElo "2345"]
[BlackElo "1965"]
[PlyCount "41"]

1. e4 e5 2. Nf3 Nc6 3. Nc3 Nf6 4. Nxe5 Nxe5 5. d4 Ng6 6. e5 Ng8 7. Bc4 d6 8.
Qf3 Qd7 9. O-O c6 10. exd6 Bxd6 11. Re1+ Kd8 12. Bxf7 Nf6 13. Bxg6 hxg6 14. Bf4
Kc7 15. Qg3 Bxf4 16. Qxf4+ Kd8 17. Rad1 Qf5 18. Qd6+ Qd7 19. Qg3 Qg4 20. Qe5
Qf5 21. Qe7# 1-0

[Event "?"]
[Site "ICC 2 10 09/01/97, Internet C"]
[Date "1997.??.??"]
[Round "?"]
[White "Brause"]
[Black "PartyTrain"]
[Result "1-0"]
[WhiteElo "2365"]
[BlackElo "1965"]
[PlyCount "75"]

1. e4 e5 2. Nf3 Nc6 3. Nc3 Nf6 4. Nxe5 Nxe5 5. d4 Ng6 6. e5 Ng8 7. Bc4 d5 8.
Bxd5 c6 9. Bb3 Bb4 10. O-O Bxc3 11. bxc3 f5 12. Ba3 N8e7 13. Qf3 a5 14. Bd6 a4
15. Bc4 b5 16. Bxb5 cxb5 17. Qxa8 Be6 18. Qf3 Bc4 19. Rfb1 O-O 20. Rb4 Qd7 21.
Rb2 Re8 22. a3 Nd5 23. Rab1 Qe6 24. Rxb5 Bxb5 25. Rxb5 Nde7 26. Ra5 Qc4 27. h3
Nh4 28. Qd3 Qa2 29. Rxa4 Qa1+ 30. Kh2 Qe1 31. Bxe7 Rxe7 32. Qc4+ Kf8 33. Ra8+
Re8 34. Qc5+ Kf7 35. Ra7+ Kg6 36. Qc6+ Kg5 37. Rxg7+ Kf4 38. g3# 1-0

[Event "?"]
[Site "ICC 2 10 09/01/97, Internet C"]
[Date "1997.??.??"]
[Round "?"]
[White "Brause"]
[Black "Slivovitz"]
[Result "1-0"]
[WhiteElo "2375"]
[BlackElo "2215"]
[PlyCount "28"]

1. e4 e5 2. Nf3 Nc6 3. Nc3 Nf6 4. Nxe5 Nxe5 5. d4 Nc6 6. d5 Nb8 7. e5 Ng8 8. d6
cxd6 9. exd6 Qf6 10. Nb5 Na6 11. Bc4 Nh6 12. O-O Nf5 13. Re1+ Kd8 14. Bf4 g5
1-0

[Event "?"]
[Site "ICC 2 10 09/01/97, Internet C"]
[Date "1997.??.??"]
[Round "?"]
[White "Brause"]
[Black "Slivovitz"]
[Result "1-0"]
[WhiteElo "2385"]
[BlackElo "2205"]
[PlyCount "56"]

1. e4 e5 2. Nf3 Nc6 3. Nc3 Nf6 4. Nxe5 Nxe5 5. d4 Ng6 6. e5 Ng8 7. Bc4 c6 8.
Qf3 d5 9. exd6 Be6 10. Bxe6 fxe6 11. Ne4 Bxd6 12. Qb3 Be7 13. Qxb7 Qc8 14.
Qxc8+ Rxc8 15. O-O Nf6 16. Ng5 Kd7 17. Bd2 h6 18. Nf3 Bd6 19. Rae1 Rhe8 20.
Ne5+ Bxe5 21. dxe5 Nd5 22. c4 Nb6 23. Re4 Ke7 24. h4 Kf7 25. h5 Ne7 26. Rf4+
Kg8 27. Rd1 Rcd8 28. c5 Nd7 1-0

[Event "?"]
[Site "ICC 2 10 09/01/97, Internet C"]
[Date "1997.??.??"]
[Round "?"]
[White "Brause"]
[Black "Slivovitz"]
[Result "0-1"]
[WhiteElo "2395"]
[BlackElo "2195"]
[PlyCount "132"]

1. e4 e5 2. Nf3 Nc6 3. Nc3 Nf6 4. Nxe5 Nxe5 5. d4 Ng6 6. e5 Ng8 7. Bc4 c6 8.
Qf3 d5 9. exd6 Be6 10. Bxe6 fxe6 11. Ne4 Nf6 12. Bg5 Qa5+ 13. b4 Qf5 14. Nxf6+
gxf6 15. Qxf5 exf5 16. Bxf6 Rg8 17. O-O Bxd6 18. g3 Kf7 19. Bg5 b5 20. Bd2 Ne7
21. c4 bxc4 22. Rac1 Rgc8 23. Rxc4 Rab8 24. Rfc1 Ke6 25. a3 Kd7 26. R1c2 Nd5
27. Bg5 Be7 28. Bxe7 Nxe7 29. Kg2 Nd5 30. Kf3 Rb5 31. Rc5 Rxc5 32. dxc5 a5 33.
bxa5 Ra8 34. a4 Rxa5 35. Rc4 Ke6 36. h3 Nf6 37. g4 fxg4+ 38. hxg4 Nd7 39. Ke3
Nxc5 40. f4 Kd6 41. Rd4+ Kc7 42. f5 Rxa4 43. Rxa4 Nxa4 44. g5 Kd6 45. Ke4 c5
46. Kf4 c4 47. Ke3 c3 48. Kd3 Ke5 49. f6 Ke6 50. Kc2 h6 51. gxh6 Kxf6 52. Kd3
Kg6 53. Kc2 Kxh6 54. Kd3 Kg5 55. Kc2 Kf4 56. Kc1 Ke3 57. Kc2 Kd4 58. Kb1 Kd3
59. Kc1 Nc5 60. Kd1 c2+ 61. Ke1 c1=Q+ 62. Kf2 Qf4+ 63. Kg2 Ke2 64. Kh3 Qg5 65.
Kh2 Kf2 66. Kh3 Qh5# 0-1

[Event "?"]
[Site "ICC 2 10 09/01/97, Internet C"]
[Date "1997.??.??"]
[Round "?"]
[White "Brause"]
[Black "Slivovitz"]
[Result "1-0"]
[WhiteElo "2410"]
[BlackElo "2220"]
[PlyCount "75"]

1. e4 e5 2. Nf3 Nc6 3. Nc3 Nf6 4. Nxe5 Nxe5 5. d4 Ng6 6. e5 Ng8 7. Bc4 Bb4 8.
Qf3 Qe7 9. O-O Bxc3 10. bxc3 Nh6 11. g3 O-O 12. Qh5 d6 13. Bxh6 gxh6 14. f4
dxe5 15. f5 Qg5 16. Qxg5 hxg5 17. fxg6 hxg6 18. Rae1 Bf5 19. Rxe5 Bxc2 20. Re7
Bf5 21. g4 Be6 22. Bxe6 fxe6 23. Rxc7 Rxf1+ 24. Kxf1 Rf8+ 25. Kg2 Rf7 26. Rc5
Kg7 27. Rxg5 Rc7 28. h4 Rxc3 29. h5 Rc2+ 30. Kf3 Rxa2 31. Rxg6+ Kf7 32. Rh6 b5
33. g5 b4 34. Rh7+ Kg8 35. g6 b3 36. Kf4 Rf2+ 37. Kg5 b2 38. Rb7 1-0

[Event "?"]
[Site "ICC 2 10 09/01/97, Internet C"]
[Date "1997.??.??"]
[Round "?"]
[White "Brause"]
[Black "Slivovitz"]
[Result "1-0"]
[WhiteElo "2415"]
[BlackElo "2215"]
[PlyCount "46"]

1. e4 e5 2. Nf3 Nc6 3. Nc3 Nf6 4. Nxe5 Nxe5 5. d4 Ng6 6. e5 Ng8 7. Bc4 Bb4 8.
Qf3 Qe7 9. O-O Bxc3 10. bxc3 Nh6 11. g3 d6 12. exd6 cxd6 13. Bxh6 gxh6 14. Rfe1
Be6 15. d5 Ne5 16. Rxe5 dxe5 17. dxe6 O-O 18. exf7+ Kh8 19. Rd1 Rad8 20. Rxd8
Rxd8 21. Qg4 Qg5 22. Qe6 Kg7 23. Qe8 Qf6 1-0

[Event "?"]
[Site "ICC 2 10 09/01/97, Internet C"]
[Date "1997.??.??"]
[Round "?"]
[White "Brause"]
[Black "Slivovitz"]
[Result "0-1"]
[WhiteElo "2425"]
[BlackElo "2205"]
[PlyCount "220"]

1. e4 e5 2. Nf3 Nc6 3. Nc3 Nf6 4. Nxe5 Nxe5 5. d4 Ng6 6. e5 Ng8 7. Bc4 d5 8.
Bxd5 c6 9. Bb3 Be6 10. O-O Bxb3 11. axb3 N8e7 12. Bg5 Qd7 13. Re1 h6 14. Be3
Nd5 15. Nxd5 cxd5 16. Qd3 Be7 17. e6 Qc6 18. exf7+ Kxf7 19. f4 Bf6 20. f5 Ne7
21. Re2 a6 22. Rf1 Rhc8 23. c3 Qb5 24. Qd1 Nc6 25. Bf4 Na5 26. b4 Nc4 27. b3
Nb6 28. Re3 Re8 29. Qh5+ Kg8 30. Re6 Rxe6 31. fxe6 Qe8 32. Qxe8+ Rxe8 33. Bxh6
Rxe6 34. Bf4 Re2 35. Rf2 Re1+ 36. Rf1 Re4 37. Bc7 Nd7 38. Rf5 Kf7 39. Rxd5 Ke6
40. Rd6+ Ke7 41. Kf2 Bg5 42. Rg6 Bf6 43. b5 axb5 44. Kf3 Re1 45. Rg3 b4 46. Ba5
bxc3 47. Bxc3 Rb1 48. Bb4+ Ke6 49. Ke4 Nb6 50. Rd3 Nd5 51. Bd2 Rg1 52. Rg3 Kd6
53. h3 Rd1 54. Rd3 Ra1 55. Rf3 Ra8 56. g3 Re8+ 57. Kd3 b5 58. g4 Rf8 59. h4 Be7
60. Rxf8 Bxf8 61. h5 Ke6 62. Ke4 Nf6+ 63. Kf3 Kd5 64. Be3 Bd6 65. Bg5 Ne4 66.
Be3 Be7 67. Ke2 Bg5 68. Bg1 Nf6 69. Kf3 Bd2 70. Ke2 Bc3 71. Kd3 Bb2 72. g5 Nxh5
73. Be3 Ng3 74. Bf4 Nf5 75. Be5 g6 76. b4 Bxd4 77. Bf4 Be5 78. Bc1 Bd6 79. Bd2
Ne7 80. Kc3 Nc6 81. Kb3 Ke4 82. Be1 Kf5 83. Bd2 Bf4 84. Be1 Kxg5 85. Kc2 Bd6
86. Kd3 Kf4 87. Bd2+ Kf3 88. Bg5 Bxb4 89. Bc1 Bd6 90. Kc2 Bf4 91. Ba3 g5 92.
Kb3 g4 93. Bc5 Be3 94. Bd6 g3 95. Bxg3 Kxg3 96. Kc3 b4+ 97. Kb3 Kf3 98. Kc4 Ke4
99. Kb3 Kd3 100. Kb2 Bd4+ 101. Kb3 Bc5 102. Kb2 Nd4 103. Kb1 Kc3 104. Kc1 b3
105. Kd1 b2 106. Ke1 b1=Q+ 107. Kf2 Qf5+ 108. Kg1 Qf3 109. Kh2 Bd6+ 110. Kg1
Ne2# 0-1

[Event "?"]
[Site "ICC 2 10 09/01/97, Internet C"]
[Date "1997.??.??"]
[Round "?"]
[White "Brause"]
[Black "TurboTurk"]
[Result "0-1"]
[WhiteElo "2400"]
[BlackElo "2535"]
[PlyCount "118"]

1. e4 e5 2. Nf3 Nc6 3. Nc3 Nf6 4. Nxe5 Nxe5 5. d4 Nc6 6. d5 Ne5 7. f4 Ng6 8. e5
Ng8 9. d6 cxd6 10. exd6 Qh4+ 11. g3 Qf6 12. Nb5 Kd8 13. Be3 b6 14. Nxa7 Qxb2
15. Rb1 Qc3+ 16. Kf2 Rb8 17. Rxb6 Qxe3+ 18. Kxe3 Rxb6 19. Nxc8 Kxc8 20. f5 Ne5
21. Qd4 Nf6 22. Ke2 Rxd6 23. Qxe5 Rd5 24. Qf4 Bd6 25. Qg5 Rg8 26. Bh3 Bc5 27.
Kf3 Re8 28. a4 h6 29. Qc1 Rde5 30. Rd1 Re2 31. Rd2 R8e3+ 32. Kf4 Re1 33. Qb2 d5
34. Qxf6 gxf6 35. Rxd5 Rc3 36. Kg4 Re4+ 37. Kh5 Rxc2 38. Rxc5+ Rxc5 39. Kxh6
Rc2 40. Kg7 Rxa4 41. Bf1 Rxh2 42. Kxf6 Rh7 43. Be2 Rb4 44. g4 Rb6+ 45. Kg5 Rg7+
46. Kf4 f6 47. Bf3 Ra7 48. g5 Rb4+ 49. Kg3 fxg5 50. Kh2 Ra2+ 51. Kg3 Ra3 52.
Kg2 Rb2+ 53. Kg3 Rbb3 54. Kg4 Rxf3 55. Kxg5 Rg3+ 56. Kf6 Kd7 57. Ke5 Rg4 58.
Kf6 Ra5 59. Kf7 Rxf5# 0-1

[Event "?"]
[Site "ICC 2 12 10/07/97, Internet C"]
[Date "1997.??.??"]
[Round "?"]
[White "Brause"]
[Black "DrTarrasch"]
[Result "0-1"]
[WhiteElo "2405"]
[BlackElo "2115"]
[PlyCount "107"]

1. e4 e5 2. Nf3 Nc6 3. Nc3 Nf6 4. Nxe5 Nxe5 5. d4 Ng6 6. e5 Ng8 7. Bc4 Bb4 8.
Qf3 Qe7 9. O-O Bxc3 10. bxc3 Nh6 11. Bxh6 gxh6 12. Rab1 O-O 13. Rfe1 Kg7 14.
Ba6 d6 15. exd6 Qxd6 16. Bxb7 Bxb7 17. Rxb7 Rfe8 18. Reb1 Qe6 19. Rf1 Qxa2 20.
Rxc7 Qe6 21. c4 a5 22. d5 Qf6 23. Qg4 a4 24. Qd1 a3 25. Rc6 Qc3 26. Qa1 Qxa1
27. Rxa1 a2 28. Rb6 Re4 29. g3 Rxc4 30. Rb2 Rc5 31. Rbxa2 Rxa2 32. Rxa2 Rxd5
33. c3 Rc5 34. Rc2 Kf6 35. Kf1 Kf5 36. Ke2 Ne5 37. f4 Ng4 38. h3 Nf6 39. Ke3
Nd5+ 40. Kd4 Rxc3 41. Rxc3 Nxc3 42. Kxc3 Ke4 43. Kd2 Kf3 44. g4 Kxf4 45. Ke2
Kg3 46. Ke3 Kxh3 47. Kf3 Kh4 48. Kf4 f6 49. Kf3 h5 50. gxh5 Kxh5 51. Kf4 Kg6
52. Kg4 h5+ 53. Kg3 f5 54. Kf4 0-1

[Event "?"]
[Site "ICC 2 12 10/07/97, Internet C"]
[Date "1997.??.??"]
[Round "?"]
[White "Brause"]
[Black "chesshazard"]
[Result "1-0"]
[WhiteElo "2360"]
[BlackElo "1920"]
[PlyCount "55"]

1. e4 e5 2. Nf3 Nc6 3. Nc3 Nf6 4. Nxe5 Nxe5 5. d4 Nc6 6. d5 Nb8 7. e5 Qe7 8.
Qe2 Ng8 9. d6 cxd6 10. Nd5 Qxe5 11. Nc7+ Kd8 12. Nxa8 b6 13. Qxe5 dxe5 14. f4
Bb7 15. Nxb6 axb6 16. fxe5 Bc5 17. Bf4 Nc6 18. O-O-O Nge7 19. Bc4 Rf8 20. Rhe1
Ng6 21. Bg3 Kc8 22. Bd3 Bd4 23. Be4 Bxe5 24. Bxc6 Bxg3 25. Bxd7+ Kc7 26. hxg3
Bxg2 27. Bf5 Rd8 28. Bxg6 1-0

[Event "?"]
[Site "ICC 2 12 10/07/97, Internet C"]
[Date "1997.??.??"]
[Round "?"]
[White "Brause"]
[Black "CHRISTT"]
[Result "1-0"]
[WhiteElo "2390"]
[BlackElo "2105"]
[PlyCount "74"]

1. e4 Nf6 2. Nc3 e5 3. Nf3 Nc6 4. Nxe5 Nxe5 5. d4 Ng6 6. e5 Ng8 7. Bc4 d6 8.
Qf3 Qd7 9. O-O dxe5 10. dxe5 Nxe5 11. Re1 Bd6 12. Bf4 f6 13. Bb5 c6 14. Rad1
Qe6 15. Qg3 Kf8 16. Bxe5 Bxe5 17. f4 cxb5 18. fxe5 Qb6+ 19. Re3 Bf5 20. Rd6 Qc5
21. Rd5 Qc8 22. Qf4 Ne7 23. exf6 Nxd5 24. Nxd5 Qc5 25. Qe5 g6 26. b4 Qxe3+ 27.
Qxe3 Re8 28. Qh6+ Kf7 29. Qg7+ Ke6 30. Nc7+ Kd6 31. Nxe8+ Rxe8 32. f7 Rc8 33.
f8=Q+ Rxf8 34. Qxf8+ Kc7 35. Qg7+ Kb8 36. g4 Bxg4 37. Qf8+ Kc7 1-0

[Event "?"]
[Site "ICC 2 12 10/16/97, Internet C"]
[Date "1997.??.??"]
[Round "?"]
[White "Brause"]
[Black "tamar"]
[Result "1/2-1/2"]
[WhiteElo "2500"]
[BlackElo "2305"]
[PlyCount "260"]

1. e4 e5 2. Nf3 Nf6 3. Nc3 Nc6 4. Nxe5 Nxe5 5. d4 Nxe4 6. Nxe4 Ng6 7. c4 d5 8.
Nc3 Be6 9. Be3 Be7 10. Qb3 dxc4 11. Qxb7 O-O 12. d5 Rb8 13. Qxa7 Bxd5 14. O-O-O
c6 15. Bxc4 Ra8 16. Nxd5 cxd5 17. Rxd5 Qc8 18. Qd4 Rxa2 19. Kd2 Bf6 20. Bxa2
Bxd4 21. Rxd4 Rd8 22. Bd5 h6 23. b3 Ne7 24. Bf3 Rxd4+ 25. Bxd4 Qb8 26. Kc3 Nf5
27. Bc5 Qe5+ 28. Kb4 Nd4 29. Bxd4 Qxd4+ 30. Kb5 Qd3+ 31. Ka4 Qa6+ 32. Kb4 Qb6+
33. Kc4 Qxf2 34. b4 Qc2+ 35. Kd4 Qb2+ 36. Kc5 Qc3+ 37. Kb5 Kf8 38. Rd1 Qe5+ 39.
Ka6 Qe6+ 40. Ka5 Qa2+ 41. Kb5 Ke7 42. h3 f5 43. Rd4 g5 44. Bd5 Qa7 45. Rd3 h5
46. Bf3 g4 47. hxg4 hxg4 48. Bc6 f4 49. Bd5 Kf6 50. Bc6 f3 51. gxf3 g3 52. Rd6+
Kg5 53. Rd2 Kf4 54. Rc2 Qf2 55. Rc4+ Ke3 56. f4 g2 57. Bxg2 Qxg2 58. Kc5 Kd3
59. Rd4+ Kc3 60. Rc4+ Kb3 61. Rd4 Qf2 62. Kd5 Kc3 63. Re4 Kd3 64. Re5 Qxf4 65.
b5 Qd4+ 66. Ke6 Qb6+ 67. Kf5 Kc4 68. Kf4 Qd6 69. Ke4 Qd3+ 70. Kf4 Kd4 71. Rg5
Qe3+ 72. Kf5 Qe8 73. Kf6 Ke4 74. Rg4+ Kf3 75. Rg5 Kf4 76. Rd5 Ke4 77. Rg5 Qd7
78. Rh5 Kf4 79. Rh4+ Kg3 80. Re4 Qxb5 81. Ke6 Kf3 82. Rd4 Ke3 83. Rd6 Ke4 84.
Ke7 Qc5 85. Kd7 Ke5 86. Re6+ Kd5 87. Rg6 Qa7+ 88. Ke8 Ke5 89. Kd8 Qb7 90. Ke8
Qb3 91. Ke7 Qb4+ 92. Kd7 Qc4 93. Rb6 Qc5 94. Re6+ Kd5 95. Rg6 Qa7+ 96. Ke8 Qc7
97. Rh6 Ke5 98. Rh5+ Kf6 99. Rh6+ Kf5 100. Rh3 Kg6 101. Rd3 Qe5+ 102. Kd8 Kf7
103. Rd7+ Kf8 104. Kc8 Qa5 105. Kb7 Ke8 106. Rd6 Ke7 107. Rh6 Qd5+ 108. Kb6
Qd4+ 109. Kb7 Qe4+ 110. Ka6 Kd7 111. Rb6 Kc7 112. Ka5 Qe1+ 113. Rb4 Kc6 114.
Ka4 Kc5 115. Rb2 Qd1+ 116. Ka3 Qc1 117. Ka2 Kc4 118. Rb4+ Kc5 119. Rb2 Qd1 120.
Ka3 Qd3+ 121. Rb3 Qd4 122. Rb1 Qe3+ 123. Ka2 Kc4 124. Rb2 Qe4 125. Rb8 Qe5 126.
Rc8+ Kb4 127. Rc2 Qd5+ 128. Kb2 Qd3 129. Rc7 Qd4+ 130. Ka2 Qd5+ 1/2-1/2

[Event "?"]
[Site "ICC 2 12 10/16/97, Internet C"]
[Date "1997.??.??"]
[Round "?"]
[White "Brause"]
[Black "DrTarrasch"]
[Result "1/2-1/2"]
[WhiteElo "2475"]
[BlackElo "2155"]
[PlyCount "137"]

1. e4 e5 2. Nf3 Nc6 3. Nc3 Nf6 4. Nxe5 Nxe5 5. d4 Ng6 6. e5 Ng8 7. Bc4 Bb4 8.
Qf3 Qe7 9. O-O Bxc3 10. bxc3 Nh6 11. Re1 O-O 12. Bd3 d6 13. Bxh6 gxh6 14. exd6
Qxd6 15. Rab1 c6 16. Bc4 Rb8 17. d5 Bd7 18. Rbd1 c5 19. Bb3 b5 20. c4 b4 21. c3
a5 22. cxb4 axb4 23. Rd3 Rbe8 24. Rde3 Rxe3 25. fxe3 Ne5 26. Qf4 Kh8 27. Re2
Rg8 28. e4 Bg4 29. Rf2 Rg6 30. Kf1 Kg7 31. h3 Bd7 32. Ke2 Rf6 33. Qg3+ Ng6 34.
Qxd6 Rxd6 35. g4 Rf6 36. Rxf6 Kxf6 37. Bd1 Nf4+ 38. Kf3 Nxh3 39. Kg3 h5 40.
Kxh3 Ke5 41. Kh4 Kxe4 42. Kxh5 Kd4 43. Bb3 f5 44. gxf5 Bxf5 45. Kg5 Ke5 46. Kh4
Bb1 47. Kg3 Kf6 48. Kf4 h5 49. Kg3 Kg5 50. Kf3 h4 51. Kf2 Kf4 52. d6 Bf5 53.
Ba4 Ke5 54. d7 Bxd7 55. Bxd7 Kd4 56. Kf3 Kc3 57. Kg4 Kb2 58. Kxh4 Kxa2 59. Kg5
b3 60. Kf4 b2 61. Bf5 Kb3 62. Bd3 Kc3 63. Ke4 b1=Q 64. Bxb1 Kxc4 65. Bc2 Kc3
66. Kd5 Kxc2 67. Kc4 Kd2 68. Kb5 Kd3 69. Kxc5 1/2-1/2

[Event "?"]
[Site "ICC 2 10 08/30/97, Internet C"]
[Date "1997.??.??"]
[Round "?"]
[White "Brause"]
[Black "brit"]
[Result "1-0"]
[WhiteElo "2625"]
[BlackElo "2090"]
[PlyCount "53"]

1. e4 e5 2. Nf3 Nc6 3. Nc3 Nf6 4. Nxe5 Nxe5 5. d4 Ng6 6. e5 Ng8 7. Bc4 Bb4 8.
Qf3 f5 9. h4 d5 10. Bb3 Be6 11. Bg5 N8e7 12. h5 Nf8 13. O-O-O Bxc3 14. Qxc3 c6
15. h6 g6 16. Ba4 Qb6 17. Qa3 Qc7 18. Bf6 Rg8 19. Rd3 Nc8 20. Bb3 Bf7 21. Rc3
Ne6 22. Bxd5 Nxd4 23. Bxf7+ Kxf7 24. Rd3 Ne6 25. Rhd1 Nb6 26. Rd7+ Nxd7 27.
Qe7# 1-0